| 000 | 00876nam a22002057a 4500 | ||
|---|---|---|---|
| 999 |
_c17150 _d17150 |
||
| 003 | AR-CdUCM | ||
| 008 | 190507b ||||| |||| 00| 0 spa d | ||
| 040 |
_aMUNICIPALIDAD PROVINCIAL DEL CUSCO _cBIBLIOTECA MUNICIPAL DEL CUSCO |
||
| 082 |
_a335.441 / _bL44 |
||
| 100 |
_aLennin V. I. _937006 |
||
| 245 |
_aEl estado y la revolución : _bLa doctrina marxista del estado y las tareas del proletariado en la revolución / |
||
| 260 |
_aMéxico : _bGrijalbo, _c1973. |
||
| 300 |
_a154 páginas ; _c19 cm. |
||
| 440 |
_aColección 70. _n129 _937007 |
||
| 505 | _aContenido :La sociedad de clases y el estado -- El estado y la revolución -- La experiencia de los años de 1848 a 1851 -- El estado y la revolución -- La experiencia de la comuna de París de 1871 ... | ||
| 650 |
_aRevolución. _9844 |
||
| 650 |
_aEstado. _9738 |
||
| 942 |
_2ddc _cLIBROS |
||
| 945 |
_arum _d2019-05-07 |
||